Soil and water management (Record no. 8572)

000 -LEADER
fixed length control field 00259nam a22001097a 4500
040 ## - CATALOGING SOURCE
Transcribing agency HS
082 ## - DEWEY DECIMAL CLASSIFICATION NUMBER
Classification number 631
100 ## - MAIN ENTRY--AUTHOR NAME
Personal name សុខ វ៉ាន់ថន
245 ## - TITLE STATEMENT
Title Soil and water management
260 ## - PUBLICATION, DISTRIBUTION, ETC. (IMPRINT)
Place of publication RUA
Name of publisher សុខ វ៉ាន់ថន
Year of publication NA
942 ## - ADDED ENTRY ELEMENTS (KOHA)
Koha item type សៀវភៅភាសាខ្មែរ
952 ## - LOCATION AND ITEM INFORMATION (KOHA)
Withdrawn status [LOCAL, KOHA] 0
952 ## - LOCATION AND ITEM INFORMATION (KOHA)
Withdrawn status [LOCAL, KOHA] 0
Holdings
Permanent Location Date acquired Koha item type Lost status Shelving location Barcode Current Location Full call number
Library Block C2016-08-05សៀវភៅភាសាខ្មែរ C244RUA41674Library Block C631 សុខ NA C244
Library Block C2016-08-08សៀវភៅភាសាខ្មែរ C237RUA045328Library Block C631 សុខ 1997 C237
មជ្ឈមណ្ឌលឯការនៃសាកលវិទ្យាល័យភូមិន្ទកសិកម្មចំការដូង

Powered by Koha